| 000 | 006360000a22002170004500 | ||
|---|---|---|---|
| 003 | LK-CoMWRAF | ||
| 005 | 20230831145820.0 | ||
| 008 | 230817t1994 ||||| |||| 00| 0 eng d | ||
| 020 | _a1856491064 | ||
| 040 |
_aLK-CoMWRAF _dLK-CoMWRAF _eLK-CoMWRAF |
||
| 041 | _aeng | ||
| 082 |
_a306.85 _bOCO |
||
| 100 | _aO'Connell, Helen, | ||
| 245 | _aWomen and the family | ||
| 260 |
_aLondon: _bZed Books, _c1994 |
||
| 300 |
_axiii, 140 p. : ill., map ; 24 cm. _bBibliography and index included |
||
| 490 | _aWomen and world development series | ||
| 650 | _aWOMEN-Family relationships | ||
| 650 | _aWomen-Economic conditions | ||
| 942 | _cBK | ||
| 999 |
_c1592 _d1592 |
||